[Event "Kirov Arakelian Memorial-B 5th"]
[Site "Kirov"]
[Date "2015.05.13"]
[Round "8"]
[White "Savinykh, Sergey"]
[Black "Malyshev, Evgeny"]
[Result "1-0"]
[WhiteElo "2045"]
[BlackElo "1785"]
[PlyCount "95"]
[EventDate "2015.05.03"]
[EventType "tourn"]
[EventRounds "9"]
[EventCountry "RUS"]
[SourceTitle "EXT 2018"]
[Source "ChessBase"]
[SourceDate "2017.10.13"]
[SourceVersion "1"]
[SourceVersionDate "2017.10.13"]
[SourceQuality "1"]

1. e4 c6 2. d4 d5 3. Nc3 dxe4 4. Nxe4 Bf5 5. Ng3 Bg6 6. Nf3 Nd7 7. h4 h6 8. h5 Bh7 9. Bd3 Bxd3 10. Qxd3 Ngf6 11. Bd2 Qb6 12. 0-0-0 0-0-0 13. Qe2 e6 14. Ne5 Nxe5 15. dxe5 Nd5 16. Ne4 Be7 17. Rh3 Qc7 18. c4 Nb6 19. c5 Qxe5 20. cxb6 axb6 21. f4 Qd5 22. Nc3 Qc5 23. Be3 Qa5 24. Bd4 Rhg8 25. Rg3 Qf5 26. Qg4 Qxg4 27. Rxg4 c5 28. Be3 Rxd1+ 29. Kxd1 Kd7 30. Kc2 Kc6 31. a4 f5 32. Rg6 Bf6 33. Kd3 Rd8+ 34. Ke2 Rd7 35. Rg3 Re7 36. Bf2 Rd7 37. Rd3 Rxd3 38. Kxd3 e5 39. fxe5 Bxe5 40. Kc4 Bf6 41. Be1 Be5 42. b3 Bf6 43. Nd5 Be5 44. Ne7+ Kd7 45. Nxf5 Ke6 46. Ne3 Kd6 47. Nd5 Kc6 48. Bc3 1-0

[Event "Kirov-ch"]
[Site "Kirov"]
[Date "2014.04.07"]
[Round "6"]
[White "Malyshev, Evgeny"]
[Black "Chigarev, Vyacheslav"]
[Result "0-1"]
[WhiteElo "2190"]
[BlackElo "1829"]
[PlyCount "132"]
[EventDate "2014.04.02"]
[EventType "swiss"]
[EventRounds "9"]
[EventCountry "RUS"]
[SourceTitle "EXT 2016"]
[Source "ChessBase"]
[SourceDate "2015.10.08"]
[SourceVersion "1"]
[SourceVersionDate "2015.10.08"]
[SourceQuality "1"]

1. e4 c5 2. Nf3 d6 3. d4 cxd4 4. Nxd4 Nf6 5. Nc3 a6 6. f3 e6 7. Be3 Nbd7 8. Bd3 Be7 9. 0-0 Qc7 10. Kh1 Ne5 11. Qd2 Nc4 12. Bxc4 Qxc4 13. Qe2 d5 14. exd5 Qxe2 15. Ncxe2 Nxd5 16. Bf2 0-0 17. a3 e5 18. Nb3 Bf5 19. c4 Nf6 20. Nd2 Rfd8 21. Be3 Rd3 22. Bg5 Rad8 23. Ng3 Be6 24. Rac1 Rxd2 25. Bxd2 Rxd2 26. b4 Kf8 27. c5 Bd7 28. Rfe1 Rd5 29. Rcd1 Rxd1 30. Rxd1 Bc6 31. Re1 Nd7 32. Kg1 g6 33. Ne4 Bxe4 34. Rxe4 f5 35. Rc4 a5 36. Kf2 Kf7 37. Ke2 axb4 38. axb4 Ke6 39. Rc2 Nb8 40. Kd3 Kd5 41. Kc3 Nc6 42. Rd2+ Nd4 43. f4 Bf6 44. fxe5 Bxe5 45. Rd1 Ke4 46. Re1+ Ne2+ 47. Kc4 Ke3 48. Rf1 h5 49. h3 f4 50. b5 g5 51. Rf3+ Ke4 52. b6 g4 53. hxg4 hxg4 54. Rf1 Bd4 55. Kb5 Nc3+ 56. Kc4 Ke3 57. c6 bxc6 58. b7 Be5 59. b8Q Bxb8 60. Kxc3 f3 61. gxf3 gxf3 62. Kc4 Ba7 63. Ra1 f2 64. Rxa7 f1Q+ 65. Kc5 Qb5+ 66. Kd6 c5 0-1

[Event "Kirov-ch"]
[Site "Kirov"]
[Date "2014.04.04"]
[Round "3"]
[White "Sitchikhin, Sergey"]
[Black "Malyshev, Evgeny"]
[Result "1-0"]
[WhiteElo "1993"]
[BlackElo "2190"]
[PlyCount "55"]
[EventDate "2014.04.02"]
[EventType "swiss"]
[EventRounds "9"]
[EventCountry "RUS"]
[SourceTitle "EXT 2016"]
[Source "ChessBase"]
[SourceDate "2015.10.08"]
[SourceVersion "1"]
[SourceVersionDate "2015.10.08"]
[SourceQuality "1"]

1. e4 c6 2. f4 d5 3. e5 e6 4. Nf3 c5 5. Bb5+ Bd7 6. Qe2 a6 7. Bxd7+ Qxd7 8. d4 Nc6 9. Be3 c4 10. 0-0 Nge7 11. Nc3 Nf5 12. b3 cxb3 13. cxb3 Be7 14. Na4 Qc7 15. Rac1 0-0 16. g4 Nh6 17. h3 Kh8 18. f5 Ng8 19. Nc5 Bxc5 20. Rxc5 Nge7 21. Ng5 h6 22. fxe6 hxg5 23. exf7 Rad8 24. Bxg5 Rd7 25. Qe3 b6 26. e6 bxc5 27. Bf6 cxd4 28. Qh6# 1-0